000 00659nam a2200205Ii 4500
003 JO-AjNU
008 230605s9999||||xx |||||||||||||| ||und||
040 _aJO-AjNU
_bara
_erda
_cJO-AjNU
041 _aara
050 1 4 _aDS97.8.A27 1979
100 3 _aأبو خليل، شوقي,
_eauthor
_910210
245 0 0 _aعوامل النصر والهزيمة عبر تاريخنا الإسلامي
250 _aط1
264 3 1 _aدمشق:دار الفكر، 1979
300 _a159ص
336 _atext
_btxt
_2rdacontent
337 _aunmediated
_bn
_2rdamedia
338 _avolume
_bnc
_2rdacarrier
650 4 _aالجهاد- التاريخ الاسلامي
_910211
999 _aA1691
_c5259
_d5259